000 00373nam a22001457a 4500
003 MACL
005 20191204160140.0
008 191204b xxu||||| |||| 00| 0 eng d
040 _c MACL
100 _aSingh, Birendra Kumar
_977436
245 _aHistory of Magic and Superstition
260 _aDelhi
_bBook Shores
_c2018
650 _aReligion
_977437
942 _2ddc
_cBK
999 _c61506
_d61506